000 00738nam a22002177a 4500
003 UA-OsUOA
001 60695
007 ta
008 20090601b un ||||| |||| 00| 0 ukr d
100 _aСибирякова М.В.
090 _a902
_bС34
942 _cSA
040 _aUA-OsUOA
_bukr
_cUA-OsUOA
_dUA-OsUOA
245 _aМетодологічні основи статистичного обліку структури і динаміки зовнішньої торгівлі товарами України
300 _aС.9-14
955 _a0
041 _aukr
080 _a902
773 0 _w60693
_tСтатистика України
_dК.
_d2009
_g1
650 7 _a9 Географія. Біографії. Історія
_2UDC
999 _c346584
_d346584